00753nam a2200229Ia 450000500170000000800410001702000250005804000190008304100120010208200170011410000150013124500660014626000450021230000340025750400500029165000140034165100320035585000100038794200070039799900160040495201030042020230522131417.0131103s9999 xx 000 0 und d a019564548 0cRs.5.50 aLoreto College aEnglish a330.954bLAL aLal,Deepak aUnfinished businessb India in the world economy cDeepak Lal aNew DelhibOxford University Pressc1999 axii,293 p.b ill.,fig.,tables aIncludes bibliographical references and index aEconomics aIndia - Economic Conditions aLCLIB cBK c7487d57966 00102ddc4070aMAINbMAINd2013-11-04l0o330.954 LAL 40896pB7358r2013-11-04w2013-11-04yBKf